00381nam a2200109Ia 4500008004100000245011800041260002900159260000900188300000600197650001300203856005500216170516s9999 xx 000 0 und d aFDA-Approved Natural Polymers for Fast Dissolving Tablets, Md Tausif Alam, Nayyar Parvez, and Pramod Kumar Sharma bJournal of Pharmaceutics c2014 a: xPharmacy uhttps://www.hindawi.com/journals/jphar/contents/2/